000 00706nam a2200253 a 4500
001 25647
003 CO-ViMGA
008 141112s2004 ck r 000 u spa d
020 _a9789589955277
040 _aCO-ViMGA
_bspa
_cCO-ViMGA
041 _aSPA
090 _aN FLE3
100 1 _aFleisacher, Esther, 1959 -
_939383
245 1 0 _aLa risa del sol /
_cEsther Fleisacher
250 _a1a ed., 3a reimpr.
260 _aMedellín :
_bSílaba,
_c2013
300 _a93 p.
490 _aTrazos y sílabas
500 _aIncluye índice
650 1 4 _aAUTORES COLOMBIANOS
_932
650 1 4 _aLITERATURA COLOMBIANA - SIGLO XXI
_92257
650 1 4 _aNOVELA COLOMBIANA - SIGLO XXI
_92137
942 _2ddc
_cBK
999 _c5220
_d5220